Statistics for Municipalities of the Metropolitan City of Naples (with a map)

Click here to take the quiz!

General Stats

  • This quiz has been taken 79 times
  • The average score is 36 of 92

Answers on the Map

Answers color-coded by a green-red scale on the quiz's map according to % correct below.
 

Answer Stats

PopulationCommune% Correct
970.185Naples
96%
7.201Capri
90%
20.010Ischia
80%
25.196Pompeii
78%
10.496Procida
78%
85.762Torre del Greco
78%
53.231Ercolano
73%
81.528Pozzuoli
71%
64.558Afragola
67%
123.839Giugliano in Campania
67%
16.609Sorrento
67%
7.003Anacapri
65%
34.432Nola
65%
77.319Casoria
63%
42.627Torre Annunziata
63%
26.404Bacoli
61%
66.164Castellammare di Stabia
61%
55.012Portici
61%
59.830Acerra
57%
37.836Melito di Napoli
57%
34.920Mugnano di Napoli
57%
45.410San Giorgio a Cremano
57%
59.871Marano di Napoli
55%
41.069Quarto
53%
21.002Vico Equense
53%
12.826Monte di Procida
49%
35.100Somma Vesuviana
49%
31.192San Giuseppe Vesuviano
47%
24.002Volla
47%
10.316Boscotrecase
45%
30.076Frattamaggiore
45%
16.230Frattaminore
45%
34.560Arzano
43%
17.749Forio
43%
23.760Ottaviano
43%
13.468Pollena Trocchia
43%
31.226Villaricca
43%
37.790Caivano
41%
14.236Massa Lubrense
41%
7.945Meta
41%
33.852Sant'Antimo
39%
8.301Casamicciola Terme
37%
14.286Casandrino
37%
12.898Cicciano
37%
9.146San Sebastiano al Vesuvio
37%
27.747Sant'Anastasia
37%
9.091Trecase
37%
27.918Boscoreale
35%
22.716Cardito
35%
30.046Marigliano
35%
39.843Pomigliano d'Arco
35%
49.589Casalnuovo di Napoli
33%
18.737Casavatore
33%
16.045Palma Campania
33%
25.766Qualiano
33%
19.745Sant'Antonio Abate
33%
18.935Terzigno
33%
10.036Barano d'Ischia
31%
18.211Cercola
31%
9.141Sant'Agnello
31%
7.697Agerola
29%
29.008Gragnano
29%
13.026Piano di Sorrento
29%
11.665Santa Maria la Carità
29%
18.015Grumo Nevano
27%
7.836Mariglianella
27%
22.009Poggiomarino
27%
11.911San Gennaro Vesuviano
27%
12.133Calvizzano
24%
3.870Casola di Napoli
22%
5.352Massa di Somma
22%
7.009Roccarainola
22%
16.499Brusciano
20%
12.326Crispano
20%
4.842Lacco Ameno
20%
16.117Saviano
20%
6.415San Vitaliano
18%
3.147Serrara Fontana
18%
7.193Cimitile
16%
6.250Lettere
16%
6.054Scisciano
16%
4.456Visciano
16%
3.495San Paolo Bel Sito
14%
8.519Striano
14%
5.335Camposano
12%
3.270Casamarciano
12%
7.926Castello di Cisterna
12%
1.821Comiziano
12%
1.615Liveri
12%
6.000Pimonte
12%
3.720Tufino
12%
2.436Carbonara di Nola
10%

Score Distribution

Percentile by Number Answered

Percent of People with Each Score

Your Score History

You have not taken this quiz